000 00761nam a2200205 a 4500
005 20260322212048.0
008 data
010 _a75-038338
020 _a0874883911
020 _a9780874883916
096 _aWY 160 P973 1976
245 1 0 _aPsychiatric community mental health nursing case studies :
_b51 case histories related to psychiatric community mental health nursing
_cMargery M. Chisholm.
260 _aFlushing, N. Y.
_bMedical Examination Publishing Co.
_cc1976
300 _a321 p. ;
_c 22 cm.
650 0 2 _aCommunity Mental Health Services
_xorganization & administration
650 0 2 _aPsychiatric Nursing
_xorganization & administration
650 0 2 _aPsychiatric Nursing
_vproblems, exercises, etc.
700 1 _aChisholm, Margery M.
001 data
999 _c1131
_d1131